<?xml version="1.0" encoding="UTF-8"?>
<collection xmlns="http://www.loc.gov/MARC21/slim">
 <record>
  <leader>02485aam a22003018a 4500</leader>
  <controlfield tag="001">NCT_15094</controlfield>
  <controlfield tag="008">120409s2012                  ||||||viesd</controlfield>
  <datafield tag="999" ind1=" " ind2=" ">
   <subfield code="c">721</subfield>
   <subfield code="d">721</subfield>
  </datafield>
  <datafield tag="020" ind1=" " ind2=" ">
   <subfield code="c">46000</subfield>
  </datafield>
  <datafield tag="082" ind1="0" ind2="4">
   <subfield code="2">23rd ed.</subfield>
   <subfield code="a">631.4</subfield>
   <subfield code="b">H556</subfield>
  </datafield>
  <datafield tag="100" ind1="1" ind2=" ">
   <subfield code="a">Ngô Ngọc Hưng</subfield>
  </datafield>
  <datafield tag="245" ind1="1" ind2="0">
   <subfield code="a">Giáo trình độc chất học môi trường đất</subfield>
   <subfield code="c">Ngô Ngọc Hưng</subfield>
  </datafield>
  <datafield tag="260" ind1=" " ind2=" ">
   <subfield code="a">Cần Thơ</subfield>
   <subfield code="b">Nxb. Đại học Cần Thơ</subfield>
   <subfield code="c">2012</subfield>
  </datafield>
  <datafield tag="300" ind1=" " ind2=" ">
   <subfield code="a">290tr.</subfield>
   <subfield code="b">minh hoạ</subfield>
   <subfield code="c">24cm</subfield>
  </datafield>
  <datafield tag="520" ind1="3" ind2=" ">
   <subfield code="a">Giới thiệu khái quát về sự ô nhiễm hoá học trong đất, độc chất hữu cơ trong đất, độc chất phóng xạ, độc chất hoá học và môi trường đất... Sự vận chuyển và chuyển biến độc chất trong đất, ảnh hưởng của độc chất hoá học trên tiến trình tuần hoàn dưỡng chất trong đất, một số chất độc kim loại nặng điển hình trong đất</subfield>
  </datafield>
  <datafield tag="653" ind1=" " ind2=" ">
   <subfield code="a">Quản lý đất đai</subfield>
  </datafield>
  <datafield tag="655" ind1=" " ind2="7">
   <subfield code="a">Giáo trình</subfield>
  </datafield>
  <datafield tag="942" ind1=" " ind2=" ">
   <subfield code="2">ddc</subfield>
   <subfield code="c">BK</subfield>
  </datafield>
  <datafield tag="952" ind1=" " ind2=" ">
   <subfield code="0">0</subfield>
   <subfield code="1">0</subfield>
   <subfield code="2">ddc</subfield>
   <subfield code="4">0</subfield>
   <subfield code="6">631_400000000000000_H556</subfield>
   <subfield code="7">0</subfield>
   <subfield code="9">2608</subfield>
   <subfield code="a">000001</subfield>
   <subfield code="b">000001</subfield>
   <subfield code="d">2017-11-06</subfield>
   <subfield code="o">631.4 H556</subfield>
   <subfield code="p">MD.04233</subfield>
   <subfield code="r">2017-11-06</subfield>
   <subfield code="w">2017-11-06</subfield>
   <subfield code="y">BK</subfield>
  </datafield>
  <datafield tag="952" ind1=" " ind2=" ">
   <subfield code="0">0</subfield>
   <subfield code="1">0</subfield>
   <subfield code="2">ddc</subfield>
   <subfield code="4">0</subfield>
   <subfield code="6">631_400000000000000_H556</subfield>
   <subfield code="7">0</subfield>
   <subfield code="9">2609</subfield>
   <subfield code="a">000001</subfield>
   <subfield code="b">000001</subfield>
   <subfield code="d">2017-11-06</subfield>
   <subfield code="o">631.4 H556</subfield>
   <subfield code="p">MD.04234</subfield>
   <subfield code="r">2017-11-06</subfield>
   <subfield code="w">2017-11-06</subfield>
   <subfield code="y">BK</subfield>
  </datafield>
  <datafield tag="952" ind1=" " ind2=" ">
   <subfield code="0">0</subfield>
   <subfield code="1">0</subfield>
   <subfield code="2">ddc</subfield>
   <subfield code="4">0</subfield>
   <subfield code="6">631_400000000000000_H556</subfield>
   <subfield code="7">0</subfield>
   <subfield code="9">2610</subfield>
   <subfield code="a">000001</subfield>
   <subfield code="b">000001</subfield>
   <subfield code="d">2017-11-06</subfield>
   <subfield code="o">631.4 H556</subfield>
   <subfield code="p">MD.04235</subfield>
   <subfield code="r">2017-11-06</subfield>
   <subfield code="w">2017-11-06</subfield>
   <subfield code="y">BK</subfield>
  </datafield>
  <datafield tag="952" ind1=" " ind2=" ">
   <subfield code="0">0</subfield>
   <subfield code="1">0</subfield>
   <subfield code="2">ddc</subfield>
   <subfield code="4">0</subfield>
   <subfield code="6">631_400000000000000_H556</subfield>
   <subfield code="7">0</subfield>
   <subfield code="9">2611</subfield>
   <subfield code="a">000001</subfield>
   <subfield code="b">000001</subfield>
   <subfield code="d">2017-11-06</subfield>
   <subfield code="o">631.4 H556</subfield>
   <subfield code="p">MD.04236</subfield>
   <subfield code="r">2017-11-06</subfield>
   <subfield code="w">2017-11-06</subfield>
   <subfield code="y">BK</subfield>
  </datafield>
  <datafield tag="952" ind1=" " ind2=" ">
   <subfield code="0">0</subfield>
   <subfield code="1">0</subfield>
   <subfield code="2">ddc</subfield>
   <subfield code="4">0</subfield>
   <subfield code="6">631_400000000000000_H556</subfield>
   <subfield code="7">0</subfield>
   <subfield code="9">2612</subfield>
   <subfield code="a">000001</subfield>
   <subfield code="b">000001</subfield>
   <subfield code="d">2017-11-06</subfield>
   <subfield code="l">1</subfield>
   <subfield code="o">631.4 H556</subfield>
   <subfield code="p">MD.04237</subfield>
   <subfield code="r">2019-02-27</subfield>
   <subfield code="s">2019-02-27</subfield>
   <subfield code="w">2017-11-06</subfield>
   <subfield code="y">BK</subfield>
  </datafield>
  <datafield tag="952" ind1=" " ind2=" ">
   <subfield code="0">0</subfield>
   <subfield code="1">0</subfield>
   <subfield code="2">ddc</subfield>
   <subfield code="4">0</subfield>
   <subfield code="6">631_400000000000000_H556</subfield>
   <subfield code="7">0</subfield>
   <subfield code="9">2613</subfield>
   <subfield code="a">000001</subfield>
   <subfield code="b">000001</subfield>
   <subfield code="d">2017-11-06</subfield>
   <subfield code="l">1</subfield>
   <subfield code="m">1</subfield>
   <subfield code="o">631.4 H556</subfield>
   <subfield code="p">MD.04238</subfield>
   <subfield code="r">2020-07-06</subfield>
   <subfield code="s">2020-06-15</subfield>
   <subfield code="w">2017-11-06</subfield>
   <subfield code="y">BK</subfield>
  </datafield>
  <datafield tag="952" ind1=" " ind2=" ">
   <subfield code="0">0</subfield>
   <subfield code="1">0</subfield>
   <subfield code="2">ddc</subfield>
   <subfield code="4">0</subfield>
   <subfield code="6">631_400000000000000_H556</subfield>
   <subfield code="7">0</subfield>
   <subfield code="9">2614</subfield>
   <subfield code="a">000001</subfield>
   <subfield code="b">000001</subfield>
   <subfield code="d">2017-11-06</subfield>
   <subfield code="l">1</subfield>
   <subfield code="o">631.4 H556</subfield>
   <subfield code="p">MD.04239</subfield>
   <subfield code="r">2019-11-05</subfield>
   <subfield code="s">2019-10-23</subfield>
   <subfield code="w">2017-11-06</subfield>
   <subfield code="y">BK</subfield>
  </datafield>
  <datafield tag="952" ind1=" " ind2=" ">
   <subfield code="0">0</subfield>
   <subfield code="1">0</subfield>
   <subfield code="2">ddc</subfield>
   <subfield code="4">0</subfield>
   <subfield code="6">631_400000000000000_H556</subfield>
   <subfield code="7">0</subfield>
   <subfield code="9">2615</subfield>
   <subfield code="a">000001</subfield>
   <subfield code="b">000001</subfield>
   <subfield code="d">2017-11-06</subfield>
   <subfield code="o">631.4 H556</subfield>
   <subfield code="p">MD.04240</subfield>
   <subfield code="r">2017-11-06</subfield>
   <subfield code="w">2017-11-06</subfield>
   <subfield code="y">BK</subfield>
  </datafield>
  <datafield tag="952" ind1=" " ind2=" ">
   <subfield code="0">0</subfield>
   <subfield code="1">0</subfield>
   <subfield code="2">ddc</subfield>
   <subfield code="4">0</subfield>
   <subfield code="6">631_400000000000000_H556</subfield>
   <subfield code="7">0</subfield>
   <subfield code="9">2616</subfield>
   <subfield code="a">000001</subfield>
   <subfield code="b">000001</subfield>
   <subfield code="d">2017-11-06</subfield>
   <subfield code="o">631.4 H556</subfield>
   <subfield code="p">MD.04241</subfield>
   <subfield code="r">2017-11-06</subfield>
   <subfield code="w">2017-11-06</subfield>
   <subfield code="y">BK</subfield>
  </datafield>
  <datafield tag="980" ind1=" " ind2=" ">
   <subfield code="a">Thư viện Trường Đại học Nam Cần Thơ</subfield>
  </datafield>
 </record>
</collection>
